Wie entstand das dunkle farbkleid der inseleidechsen? (Registro nro. 9275)

Detalles MARC
000 -CABECERA
Campo de control 004520000a22001690004500
090 ## - CLASIFICACIÓN LOCAL
Colección AR
Consecutivo 00174
041 0# - IDIOMA
Código de idioma para texto/pista de sonido o título separado
100 1# - ASIENTO PRINCIPAL--NOMBRE PERSONAL
Nombre personal Mertens, Robert
245 10 - MENCION DE TITULO
Título Wie entstand das dunkle farbkleid der inseleidechsen?
650 14 - ASIENTO SECUNDARIO DE MATERIA - TERMINO TEMATICO
Término temático o nombre geográfico como elemento de entrada Biogeografía
650 14 - ASIENTO SECUNDARIO DE MATERIA - TERMINO TEMATICO
Término temático o nombre geográfico como elemento de entrada Evolución
650 14 - ASIENTO SECUNDARIO DE MATERIA - TERMINO TEMATICO
Término temático o nombre geográfico como elemento de entrada reptiles
650 14 - ASIENTO SECUNDARIO DE MATERIA - TERMINO TEMATICO
Término temático o nombre geográfico como elemento de entrada Fauna
700 1# - ASIENTO SECUNDARIO - NOMBRE PERSONAL
Nombre personal Frankfurt, M.
773 1# - Item fuente:
Título Umschau
Especificación de materiales 81
Paginas del Articulo 180-183
Lugar, editorial y fecha de publicación 1963
Información sobre la relación 6
942 ## - ELEMENTOS ADICIONALES (KOHA)
Tipo de ítem Artículo
Existencias
Withdrawn status Lost status Damaged status No para préstamo Colección Ubicación Permanente Ubicación actual Fecha de adquisición Datos de publicación Seriada Total Checkouts Número topográfico Inventario / Código de Barras Date last seen Ejemplar Price effective from Forma de adquisición Tipo de material
      No para Préstamo Hemeroteca Bogotá Bogotá 27/02/2015 Fuera de circulación   AR 00174 010414 25/03/2015 1 25/03/2015   Artículo